Las bases morales y sociológicas del anarquismo (Record no. 16902)

MARC details
000 -LEADER
campo de control de longitud fija 00591nam a2200193 i 4500
001 - NÚMERO DE CONTROL
campo de control 16902
003 - IDENTIFICADOR DE NÚMERO DE CONTROL
campo de control ES-MaACL
005 - FECHA Y HORA DE LA ÚLTIMA TRANSACCIÓN
campo de control 20250717065507.0
007 - CAMPO FIJO DE DESCRIPCIÓN FÍSICA--INFORMACIÓN GENERAL
campo de control de longitud fija t|
008 - DATOS DE LONGITUD FIJA--INFORMACIÓN GENERAL
campo de control de longitud fija 001121q19501959fr ||||1| spa d
080 ## - NÚMERO DE LA CLASIFICACIÓN DECIMAL UNIVERSAL
Número de la Clasificación Decimal Universal 329.285
100 1# - ENTRADA PRINCIPAL--NOMBRE DE PERSONA
Nombre de persona Gori, Pietro.
9 (RLIN) 59181
245 14 - MENCIÓN DEL TÍTULO
Título Las bases morales y sociológicas del anarquismo
Resto del título : vuestro orden y nuestro orden. Lo que queremos /
Mención de responsabilidad, etc. Pedro Gori.
260 ## - PUBLICACIÓN, DISTRIBUCIÓN, ETC.
Lugar de publicación, distribución, etc. [Toulouse :
Nombre del editor, distribuidor, etc. C.N.T.,
Fecha de publicación, distribución, etc. 195-]
300 ## - DESCRIPCIÓN FÍSICA
Extensión 48 p. ;
Dimensiones 21 cm.
650 #7 - PUNTO DE ACCESO ADICIONAL DE MATERIA--TÉRMINO DE MATERIA
Término de materia o nombre geográfico como elemento de entrada Anarquismo
Fuente del encabezamiento o término embne
9 (RLIN) 9783
852 ## - LOCALIZACIÓN
Ubicación ES-MaACL
Número de control de estantería 2158-F-26
Sublocalización o colección R.126932
Holdings
Estatus retirado Estado de pérdida Estado de daño No para préstamo Colección Biblioteca de origen Biblioteca actual Ubicación en estantería Fecha de adquisición Fuente de adquisición Total de préstamos Signatura topográfica completa Código de barras Visto por última vez Precio de reemplazo Tipo de ítem Koha
        Colección de folletos Biblioteca del Ateneo de Madrid Biblioteca del Ateneo de Madrid Depósito folletos 17/01/2008     2158-F-26 1017167 23/02/2023 23/02/2023 Folleto